Score 0/25 Timer 04:00
0 Plays Today
Movie Answer % Correct
______ HardDie
97.8%
______ FictionPulp
97.1%
Boyz n the ______Hood
96.9%
I Love ______, ManYou
96.5%
Lethal ______Weapon
96.3%
Kiss ______ Bang BangKiss
96.2%
American History ______X
91.5%
______ in SmokeUp
91%
L.A. ______Confidential
90.8%
The Big ______Lebowski
89.7%
Fast Times at ______ HighRidgemont
88.8%
Less than ______Zero
87.4%
______ NightsBoogie
86%
Movie Answer % Correct
Internal ______Affairs
84.8%
______ DayTraining
77.9%
Double ______Indemnity
75.7%
______ DriveMulholland
72.9%
______ BrownJackie
72.8%
Barton ______Fink
72.2%
Get Him to the ______Greek
70.1%
______ FridayNext
68.5%
______ Eight SevenOne
65.8%
______ ManEncino
60%
______ GirlValley
49.6%
______ of Beverly HillsSlums
23.1%

Today's Daily Dose

Remove Ads.
Support Sporcle.
Get the best of Sporcle when you Go Orange. This ad-free experience offers more features, more stats, and more fun while also helping to support Sporcle. Thank you for becoming a member.

You're not logged in!

Compare scores with friends on all Sporcle quizzes.
OR
Log In

Show Comments

Extras

Top Quizzes Today


Score Distribution

Your Account Isn't Verified!

In order to create a playlist on Sporcle, you need to verify the email address you used during registration. Go to your Sporcle Settings to finish the process.

Report this User

Report this user for behavior that violates our Community Guidelines.

Details: